01398 a2200241 45000010006000000050017000060080041000230030015000640400040000790800124001192450043002430200018002862500012003042640051003163000019003675050586003860410008009721000022009807000018010027000019010207000023010398560094010624198720260407155710.0260407a1982 arg spa dAR-UNSa-BCEJYS aAR-UNSa-BCEJYSbspacAR-UNSa-BCEJYS a330.101xCiencia económica en general. La economía y sus problemas. Objeto y métodos de la economía política 10aIntroducción a la economía moderna a968-16-1398-8 a2a. ed. 1aMéxico :bFondo de Cultura Económicac1982 a400 p.c23 cm. aLibro Primero: Doctrinas económicas: 1. Antes de Adam Smith - 2. Economía política clásica - 3. La era neoclásica - Libro Segundo: Análisis: 1. Tierra y trabajo - 2. Hombres y máquinas - 3. Demanda efectiva - 4. Cambio tecnológico - 5. Mercancías y precios - 6. Tasas de beneficio - 7. Ingresos y demandas - 8. Financiación - 9. Crecimiento: empresas, industrias y naciones - 10. Relaciones económicas internacionales - 11. Planificación socialista - Libro Tercero: Problemas modernos - 1. Naciones capitalistas - 2. Estados socialistas - 3. El tercer mundo aspa1 aSuárez, Marcial1 aEatwell, John1 aRobinson, Joan1 aBru Parra, Segundo41uhttps://biblioeco.unsa.edu.ar/pmb/images/libros/L39785.jpgyImagen de portadaqimage/jpeg